LEADER 01541cam0-2200469---450- 001 990000078610203316 005 20090703095325.0 010 $a88-348-7153-7 035 $a0007861 035 $aUSA010007861 035 $a(ALEPH)000007861USA01 035 $a0007861 100 $a20000914d1997----|||t0itay0103----ba 101 $aita 102 $aIT 105 $a||||||||| 200 $aLibertà individuali e sistemi giuridici$eprofili storico-giuridici$emondo antico ed Israele$fDaniela Piattelli 210 $aTorino$cG. Giappichelli$d[1997] 215 $a259 p.$d24 cm 676 $a342.33085$v20$9DIRITTO ALLE ATTIVITA INDIVIDUALI. Palestina antica 700 1$aPIATTELLI,$bDaniela$0234703 801 $aIT$bSALBC$gISBD 912 $a990000078610203316 951 $aXXIV.2.M 254 (Testi 1536)$b18927 G.$cTesti$d00009094 951 $aXXIV.2.M 254a (TESTI 1536)$b15640 G.$cTESTI$d00008850 959 $aBK 969 $aGIU 979 $aTAMI$b40$c20001107$lUSA01$h1211 979 $c20000914$lUSA01$h1736 979 $c20001019$lUSA01$h1056 979 $c20001019$lUSA01$h1453 979 $c20001019$lUSA01$h1501 979 $c20001019$lUSA01$h1538 979 $c20001024$lUSA01$h1514 979 $c20001027$lUSA01$h1523 979 $c20001110$lUSA01$h1710 979 $c20001124$lUSA01$h1208 979 $c20020403$lUSA01$h1615 979 $aPATRY$b90$c20040406$lUSA01$h1606 979 $aRSIAV4$b90$c20090703$lUSA01$h0953 996 $aLibertà individuali e sistemi giuridici$9690613 997 $aUNISA LEADER 01097nam2 22003131i 450 001 990005593180403321 005 20221107125715.0 010 $a3515019219 035 $a000559318 100 $a19990604d1975----km-y0itay50------ba 101 0 $ager 102 $aDE 105 $af-------001yy 200 1 $a<<4.: >> Hannover, Kestner-Museum, Hamburg-Museum für Kunst und Gewerbe$fbearbeitet von Margildis Schlnter, Gertrud Platz-Horster und Peter Zaroff$ghrsg. von Peter Zaroff 210 $aWiesbaden$cF. Steiner$dc1975 215 $a2 v., tav.$d29 cm 461 0$10010990005592250403321$12001$aAntike Gemmen in Deutschen Sammlungen$v04 676 $a736 702 1$aPlatz-Horster,$bGertrud 702 1$aSchlüter,$bMargildis 702 1$aZaroff,$bPeter 801 0$aIT$bUNINA$gREICAT$2UNIMARC 901 $aBK 912 $a990005593180403321 952 $a736.2 CATALOGHI 03 (4.1)$bARCH. 18115$fFLFBC 952 $a736.2 CATALOGHI 03 (4.2)$bARCH. 18115$fFLFBC 959 $aFLFBC 996 $aHANNOVER, Kestner-Museum, Hamburg-Museum für Kunst und Gewerbe$91542706 997 $aUNINA